[Event "22. Aberto Xadrez Albariño"]
[Site "Cambados ESP"]
[Date "2006.08.04"]
[Round "2.20"]
[White "Soto Perez, Jaime"]
[Black "Galard Agustin, Tomas"]
[Result "0-1"]
[WhiteElo "1820"]
[BlackElo "1995"]
[PlyCount "78"]
[EventDate "2006.08.03"]
[EventType "swiss"]
[EventRounds "9"]
[EventCountry "ESP"]
[Source "lmi"]
[SourceDate "2006.08.11"]

1. Nf3 e6 2. d4 d5 3. Bf4 Nf6 4. e3 Nbd7 5. h3 c5 6. c3 Qb6 7. Qc2 Be7 8. Nbd2
O-O 9. O-O-O a5 10. g4 Rd8 11. g5 Nh5 12. Bh2 a4 13. a3 Qc6 14. Be2 g6 15. Rhg1
Ng7 16. Ne5 Nxe5 17. Bxe5 b5 18. h4 Ba6 19. h5 b4 20. Bxa6 Qxa6 21. hxg6 fxg6
22. Nb1 bxc3 23. Nxc3 cxd4 24. Bxd4 Rdc8 25. Kb1 Rc4 26. Ka1 Rb8 27. f4 Rb3 28.
Ka2 Nf5 29. Rh1 Bxa3 30. bxa3 Nxd4 31. Qh2 Qa7 32. Rxd4 Rcxc3 33. Rb4 Rxa3+ 34.
Kb2 Rab3+ 35. Rxb3 Rxb3+ 36. Ka2 Qe7 37. Ka1 Ra3+ 38. Kb1 Qb4+ 39. Kc1 Ra1+ 0-1

[Event "22. Aberto Xadrez Albariño"]
[Site "Cambados ESP"]
[Date "2006.08.05"]
[Round "3.3"]
[White "Nemeth, Francisc"]
[Black "Espiñeira Gonzalez, Pablo"]
[Result "0-1"]
[WhiteElo "2458"]
[BlackElo "2219"]
[PlyCount "62"]
[EventDate "2006.08.03"]
[EventType "swiss"]
[EventRounds "9"]
[EventCountry "ESP"]
[Source "lmi"]
[SourceDate "2006.08.11"]

1. e4 e5 2. Nf3 Nc6 3. Bc4 Bc5 4. c3 Qe7 5. O-O d6 6. d4 Bb6 7. a4 a6 8. h3 Nf6
9. Re1 O-O 10. Bb3 h6 11. Na3 Ba7 12. Nc4 Bd7 13. Ne3 Rae8 14. Bc2 Qd8 15. d5
Ne7 16. Nh4 Qc8 17. g4 Ng6 18. Nef5 Nxh4 19. Nxh4 h5 20. g5 Nh7 21. Qxh5 g6 22.
Qf3 Bxh3 23. Kh2 Bg4 24. Qg3 f6 25. Nxg6 fxg5 26. Nxf8 Rxf8 27. f4 exf4 28. Qd3
Rf6 29. Be3 Rh6+ 30. Kg2 Bh3+ 31. Kf2 Qg4 0-1

[Event "22. Aberto Xadrez Albariño"]
[Site "Cambados ESP"]
[Date "2006.08.05"]
[Round "3.5"]
[White "Espiñeira Gonzalez, Diego"]
[Black "Rodriguez Fontecha, Marcos"]
[Result "1-0"]
[WhiteElo "2337"]
[BlackElo "2193"]
[PlyCount "97"]
[EventDate "2006.08.03"]
[EventType "swiss"]
[EventRounds "9"]
[EventCountry "ESP"]
[Source "lmi"]
[SourceDate "2006.08.11"]

1. e4 e6 2. d4 d5 3. Nd2 c5 4. exd5 Qxd5 5. Ngf3 cxd4 6. Bc4 Qd6 7. O-O Nf6 8.
Nb3 Nc6 9. Nbxd4 Nxd4 10. Nxd4 a6 11. Bb3 Qc7 12. Qf3 Bd6 13. h3 Bd7 14. Bg5
O-O-O 15. Rad1 Qc5 16. Bh4 Bc7 17. Qe3 Rhg8 18. Rd3 Qe5 19. Qxe5 Bxe5 20. Re1
Bf4 21. Rf3 e5 22. Bxf6 gxf6 23. Bxf7 Rg7 24. Be6 Bd2 25. Rd1 e4 26. Rb3 Ba5
27. Nf5 Bxe6 28. Rxd8+ Kxd8 29. Nxg7 Bxb3 30. axb3 Kd7 31. c3 Bc7 32. Kf1 Bf4
33. Nh5 Be5 34. Ke2 f5 35. Ke3 b5 36. b4 Ke6 37. g4 fxg4 38. hxg4 Kd5 39. Nf4+
Kc4 40. Kxe4 Bg7 41. Ne6 Bh8 42. g5 Kb3 43. f4 Kxb2 44. f5 Bxc3 45. Nc5 a5 46.
bxa5 Bxa5 47. f6 Bd8 48. Ne6 Ba5 49. Kd5 1-0

[Event "22. Aberto Xadrez Albariño"]
[Site "Cambados ESP"]
[Date "2006.08.05"]
[Round "3.6"]
[White "Garcia Del Campo, Luis A"]
[Black "Bernal Moro, Luis Javier"]
[Result "0-1"]
[WhiteElo "2090"]
[BlackElo "2428"]
[PlyCount "118"]
[EventDate "2006.08.03"]
[EventType "swiss"]
[EventRounds "9"]
[EventCountry "ESP"]
[Source "lmi"]
[SourceDate "2006.08.11"]

1. d4 Nf6 2. c4 e6 3. Nc3 Bb4 4. a3 Bxc3+ 5. bxc3 b6 6. f3 Ba6 7. e4 Nc6 8. Bd3
Na5 9. Ne2 Bxc4 10. Bxc4 Nxc4 11. Qa4 Na5 12. c4 c5 13. d5 O-O 14. Bg5 d6 15.
O-O Qe8 16. Qc2 Nd7 17. f4 exd5 18. cxd5 f6 19. Bh4 b5 20. Rf3 Nc4 21. Bf2 Qe7
22. g4 Ndb6 23. Ng3 Rae8 24. Re1 g6 25. h4 Qd7 26. Ne2 Re7 27. f5 Ne5 28. Rg3
gxf5 29. gxf5+ Rg7 30. Kg2 Kh8 31. Rg1 Rfg8 32. Kf1 Rxg3 33. Bxg3 Nbc4 34. Qc1
Qe7 35. Bf2 Rxg1+ 36. Bxg1 Qg7 37. Qc3 Qg4 38. Qg3 Qxe4 39. Nf4 Nd2+ 40. Kf2
Qxf5 41. Ke2 Ne4 42. Qe3 Qg4+ 43. Kf1 Ng3+ 44. Kf2 Nf5 45. Qe4 Qxf4+ 46. Qxf4
Nd3+ 47. Kf3 Nxf4 48. Kxf4 Ne7 49. Ke4 Kg7 50. Bh2 Nc8 51. Kf5 Kf7 52. Bf4 a5
53. Ke4 a4 54. Kd3 Ke7 55. Bd2 Nb6 56. Ke4 Nc4 57. Bc1 h5 58. Kf5 b4 59. axb4
cxb4 0-1

[Event "22. Aberto Xadrez Albariño"]
[Site "Cambados ESP"]
[Date "2006.08.05"]
[Round "3.10"]
[White "Viela, Marco Antonio Folha"]
[Black "Herraiz Sierra, Ignacio"]
[Result "1-0"]
[WhiteElo "2116"]
[BlackElo "2061"]
[PlyCount "61"]
[EventDate "2006.08.03"]
[EventType "swiss"]
[EventRounds "9"]
[EventCountry "ESP"]
[Source "lmi"]
[SourceDate "2006.08.11"]

1. e4 c5 2. Nf3 e6 3. c3 d5 4. exd5 Qxd5 5. d4 Nf6 6. Be3 cxd4 7. cxd4 Be7 8.
Nc3 Qd8 9. Bc4 O-O 10. O-O Nc6 11. Rc1 Nb4 12. Qb3 a6 13. a3 Nc6 14. Bd3 b5 15.
Ne4 Bb7 16. Qc2 Nxe4 17. Bxe4 Rc8 18. Bxh7+ Kh8 19. Qd3 f5 20. Bg6 Rf6 21. Nh4
Ne5 22. Qe2 Ng4 23. h3 Rxc1 24. Rxc1 Qd6 25. hxg4 f4 26. g5 f3 27. Qc2 Rf4 28.
Bxf4 Qxf4 29. g3 Qxg5 30. Bd3 Bd6 31. Qc8+ 1-0

[Event "22. Aberto Xadrez Albariño"]
[Site "Cambados ESP"]
[Date "2006.08.06"]
[Round "4.1"]
[White "Espiñeira Gonzalez, Pablo"]
[Black "Manolache, Marius"]
[Result "0-1"]
[WhiteElo "2219"]
[BlackElo "2501"]
[PlyCount "101"]
[EventDate "2006.08.03"]
[EventType "swiss"]
[EventRounds "9"]
[EventCountry "ESP"]
[Source "lmi"]
[SourceDate "2006.08.11"]

1. c4 g6 2. Nc3 Bg7 3. g3 Nf6 4. Bg2 c6 5. d4 d6 6. Nf3 O-O 7. O-O a6 8. e4 b5
9. e5 Ne8 10. Qe2 bxc4 11. Qxc4 a5 12. Re1 d5 13. Qa4 Nc7 14. Bg5 Ra7 15. b4
Bf5 16. Rac1 Bd3 17. Bf1 Bxf1 18. Rxf1 h6 19. Bd2 Na8 20. b5 Nb6 21. Qb3 Nc4
22. Na4 Rb7 23. b6 Nd7 24. Rxc4 dxc4 25. Qc2 Qc8 26. Rb1 c5 27. d5 Nxe5 28.
Nxe5 Bxe5 29. Bxh6 Rd8 30. Qxc4 Bd4 31. Be3 Qf5 32. Rd1 Qf3 33. Rd3 Bxe3 34.
fxe3 Rd6 35. e4 Qe2 36. Rc3 Qd1+ 37. Kg2 Rf6 38. Rc2 Qf3+ 39. Kg1 Rb8 40. Qe2
Qxe2 41. Rxe2 Rf3 42. Rb2 c4 43. Kg2 Ra3 44. Nc5 c3 45. Rc2 Rxb6 46. Nd3 Rb1
47. Kf3 Rd1 48. Ke3 Rd2 49. Rxc3 Rdxa2 50. Rc7 Rb3 51. Rxe7 0-1

[Event "22. Aberto Xadrez Albariño"]
[Site "Cambados ESP"]
[Date "2006.08.06"]
[Round "4.3"]
[White "Nanu, Ciprian"]
[Black "Viela, Marco Antonio Folha"]
[Result "1-0"]
[WhiteElo "2457"]
[BlackElo "2116"]
[PlyCount "73"]
[EventDate "2006.08.03"]
[EventType "swiss"]
[EventRounds "9"]
[EventCountry "ESP"]
[Source "lmi"]
[SourceDate "2006.08.11"]

1. c4 Nf6 2. Nc3 b6 3. e4 Bb7 4. e5 Ne4 5. Qf3 Nc5 6. Qe3 Nc6 7. d4 Nb4 8. Kd1
d5 9. a3 Nb3 10. Rb1 Nc6 11. cxd5 Ncxd4 12. Nf3 Bxd5 13. Nxd4 Nxd4 14. Bd2 Bb3+
15. Kc1 c6 16. Ne2 Nxe2+ 17. Bxe2 Bd5 18. Bc3 e6 19. Qg3 g6 20. h4 h5 21. Bd3
Qd7 22. Kc2 c5 23. Rhd1 b5 24. b3 Rc8 25. Kb2 c4 26. Be4 Qe7 27. Bb4 c3+ 28.
Ka2 Bxe4 29. Bxe7 Bxb1+ 30. Rxb1 Bxe7 31. b4 O-O 32. Rc1 Rc4 33. Rxc3 Rg4 34.
Qf3 Bxh4 35. g3 Bg5 36. Qb7 Re4 37. Qxe4 1-0

[Event "22. Aberto Xadrez Albariño"]
[Site "Cambados ESP"]
[Date "2006.08.06"]
[Round "4.4"]
[White "Rodriguez Lopez, Rafael"]
[Black "Starostits, Ilmars"]
[Result "0-1"]
[WhiteElo "2281"]
[BlackElo "2445"]
[PlyCount "92"]
[EventDate "2006.08.03"]
[EventType "swiss"]
[EventRounds "9"]
[EventCountry "ESP"]
[Source "lmi"]
[SourceDate "2006.08.11"]

1. d4 d5 2. Nf3 Bf5 3. c4 e6 4. Nc3 Nc6 5. a3 Nf6 6. cxd5 exd5 7. Bg5 Be7 8. e3
O-O 9. Bd3 Bxd3 10. Qxd3 a6 11. O-O Nd7 12. Bxe7 Nxe7 13. Rfc1 Nb6 14. Qc2 Ng6
15. Na4 Nxa4 16. Qxa4 Re8 17. Qc2 c6 18. b4 Re6 19. Rab1 Nh4 20. Qe2 Rg6 21.
Nxh4 Qxh4 22. g3 Re8 23. Qf3 Qh3 24. a4 b5 25. axb5 axb5 26. Ra1 h5 27. Ra6 Rf6
28. Qg2 Qc8 29. Ra3 h4 30. Rac3 Qd7 31. Ra1 Qe7 32. Rc5 h3 33. Qf1 Qe4 34. Ra6
g5 35. Rc3 Qf3 36. Rca3 Kg7 37. e4 Qxe4 38. Re3 Rxf2 39. Qxf2 Qxe3 40. Qxe3
Rxe3 41. Rxc6 Re1+ 42. Kf2 Rh1 43. g4 Rxh2+ 44. Kg3 Rb2 45. Kxh3 Rb3+ 46. Kh2
Rxb4 0-1

[Event "22. Aberto Xadrez Albariño"]
[Site "Cambados ESP"]
[Date "2006.08.06"]
[Round "4.5"]
[White "Bernal Moro, Luis Javier"]
[Black "Sanchez Aller, Fernando"]
[Result "1-0"]
[WhiteElo "2428"]
[BlackElo "2299"]
[PlyCount "59"]
[EventDate "2006.08.03"]
[EventType "swiss"]
[EventRounds "9"]
[EventCountry "ESP"]
[Source "lmi"]
[SourceDate "2006.08.11"]

1. Nf3 Nf6 2. c4 e6 3. Nc3 Bb4 4. Qc2 O-O 5. a3 Bxc3 6. Qxc3 b6 7. b4 d6 8. g3
Bb7 9. Bg2 Nbd7 10. O-O c5 11. d3 Rc8 12. Bb2 a6 13. Rfc1 b5 14. Qd2 bxc4 15.
dxc4 Ne4 16. Qe3 d5 17. cxd5 Bxd5 18. Ne5 Nxe5 19. Bxe5 Nf6 20. Bxf6 Qxf6 21.
Bxd5 exd5 22. bxc5 Rfe8 23. Qd3 Rxc5 24. Rxc5 Qxa1+ 25. Kg2 Rd8 26. Qxd5 Qf6
27. Qc4 Qe7 28. Rc7 Qe8 29. Qxa6 Ra8 30. Qc6 1-0

[Event "22. Aberto Xadrez Albariño"]
[Site "Cambados ESP"]
[Date "2006.08.06"]
[Round "4.6"]
[White "Menendez Rey, Javier"]
[Black "Nemeth, Francisc"]
[Result "1/2-1/2"]
[WhiteElo "2255"]
[BlackElo "2458"]
[PlyCount "139"]
[EventDate "2006.08.03"]
[EventType "swiss"]
[EventRounds "9"]
[EventCountry "ESP"]
[Source "lmi"]
[SourceDate "2006.08.11"]

1. e4 c5 2. Nf3 d6 3. Bb5+ Nd7 4. O-O Ngf6 5. Re1 a6 6. Bf1 b6 7. c4 Bb7 8. Nc3
Ne5 9. Nxe5 dxe5 10. d3 e6 11. a3 Bd6 12. b4 O-O 13. Rb1 Nd7 14. g3 Qe7 15. b5
axb5 16. Nxb5 Ra6 17. Bg2 Nb8 18. f4 Nc6 19. f5 f6 20. g4 Nd4 21. Nc3 g6 22.
Rf1 Rf7 23. fxe6 Nxe6 24. Nd5 Bxd5 25. exd5 Nd4 26. Kh1 Qd8 27. Qd2 Qd7 28. h3
Qd8 29. Qf2 f5 30. Be3 Rxa3 31. Bxd4 cxd4 32. Be4 f4 33. h4 Rfa7 34. g5 Bc5 35.
Qe2 Qd7 36. Qf3 Ra2 37. Rf2 Rxf2 38. Qxf2 Qh3+ 39. Qh2 Qe3 40. Qg1 Qe2 41. Qg2
Qxg2+ 42. Kxg2 Ra2+ 43. Kh3 Kf7 44. Rg1 Ke7 45. Rg2 Ra8 46. Rb2 Ra3 47. Kg4 Ra1
48. h5 Rg1+ 49. Rg2 Rf1 50. hxg6 hxg6 51. Rb2 Rg1+ 52. Rg2 Rf1 53. Rh2 Bb4 54.
Rg2 Be1 55. Rb2 Ba5 56. Rg2 Kd6 57. Rb2 Ke7 58. Ra2 Bb4 59. Rb2 Ba3 60. Ra2 Bc1
61. Rc2 Be3 62. Rb2 f3 63. Bxf3 Bf4 64. Be4 Bc1 65. d6+ Kd7 66. Rxb6 Rg1+ 67.
Kh3 Ba3 68. Rb7+ Kxd6 69. Rb6+ Kd7 70. Rxg6 1/2-1/2

[Event "22. Aberto Xadrez Albariño"]
[Site "Cambados ESP"]
[Date "2006.08.06"]
[Round "4.8"]
[White "Dimitrov, Vladimir"]
[Black "Guaza Garcia, Alejandro"]
[Result "1-0"]
[WhiteElo "2454"]
[BlackElo "1990"]
[PlyCount "59"]
[EventDate "2006.08.03"]
[EventType "swiss"]
[EventRounds "9"]
[EventCountry "ESP"]
[Source "lmi"]
[SourceDate "2006.08.11"]

1. c4 e5 2. g3 Nc6 3. Bg2 d6 4. Nc3 Be6 5. d3 Qd7 6. Rb1 Nge7 7. b4 g6 8. b5
Nd8 9. Nd5 Bg7 10. Bg5 Ng8 11. Qa4 f6 12. Bd2 Ne7 13. e3 O-O 14. Qa3 Nxd5 15.
cxd5 Bf7 16. Ne2 c6 17. dxc6 bxc6 18. Bb4 d5 19. Bxf8 Bxf8 20. bxc6 Nxc6 21.
Qa4 Qd6 22. O-O a5 23. Rb6 Rc8 24. Qb5 Qc5 25. Rc1 Qxb5 26. Rxb5 Rb8 27. Rxb8
Nxb8 28. Rc8 Na6 29. Ra8 Nb4 30. Rxa5 1-0

[Event "22. Aberto Xadrez Albariño"]
[Site "Cambados ESP"]
[Date "2006.08.06"]
[Round "4.9"]
[White "Pena Torres, Carlos"]
[Black "Padeiro, Jose Joao Tato"]
[Result "1-0"]
[WhiteElo "2157"]
[BlackElo "2275"]
[PlyCount "70"]
[EventDate "2006.08.03"]
[EventType "swiss"]
[EventRounds "9"]
[EventCountry "ESP"]
[Source "lmi"]
[SourceDate "2006.08.11"]

1. e4 c6 2. d4 d5 3. Nc3 dxe4 4. Nxe4 Nd7 5. Nf3 Ngf6 6. Bd3 Nxe4 7. Bxe4 Nf6
8. Bd3 Bg4 9. c3 e6 10. h3 Bh5 11. Bf4 Bd6 12. Bxd6 Qxd6 13. Be2 O-O 14. Ne5
Bxe2 15. Qxe2 b5 16. O-O a5 17. a4 Rfb8 18. Rfd1 Qd5 19. Nd3 Nd7 20. b4 Qc4 21.
axb5 cxb5 22. bxa5 Qxc3 23. Ne5 Nxe5 24. dxe5 Rxa5 25. Rac1 Qa3 26. Rc7 Rf8 27.
Rdd7 b4 28. Kh2 b3 29. Qf3 b2 30. Rxf7 b1=Q 31. Rxg7+ Kh8 32. Qh5 Qad3 33. Qh6
Qg1+ 34. Kxg1 Qf1+ 35. Kh2 Qxg2+ 1-0

[Event "22. Aberto Xadrez Albariño"]
[Site "Cambados ESP"]
[Date "2006.08.06"]
[Round "4.10"]
[White "Campos Calvo Sotelo, Javier"]
[Black "Cruz Alvarez, Dan"]
[Result "0-1"]
[WhiteElo "2129"]
[BlackElo "2219"]
[PlyCount "82"]
[EventDate "2006.08.03"]
[EventType "swiss"]
[EventRounds "9"]
[EventCountry "ESP"]
[Source "lmi"]
[SourceDate "2006.08.11"]

1. d4 e6 2. g3 c5 3. Nf3 b5 4. Bg2 Bb7 5. O-O Nf6 6. a4 b4 7. Nbd2 a5 8. c4
cxd4 9. Nxd4 Bxg2 10. Kxg2 Be7 11. e4 d6 12. Qf3 Ra6 13. h4 Nbd7 14. b3 Nc5 15.
Bb2 O-O 16. Rad1 Nfd7 17. Qe2 Bf6 18. f4 Qa8 19. Kh3 Re8 20. g4 e5 21. Nb5 Ne6
22. f5 Nf4+ 23. Rxf4 exf4 24. Bxf6 Nxf6 25. Nc7 Qc6 26. Nxe8 Qxe8 27. g5 Nd7
28. Nf3 Nc5 29. Nd4 Qe5 30. Kg4 Ra8 31. Qf3 Re8 32. Nc6 h5+ 33. gxh6 Qb2 34.
Rg1 Nxe4 35. Qxf4 Nf6+ 36. Kh3 Nh5 37. Qf3 Re2 38. Ne7+ Kh7 39. Nd5 Rh2+ 40.
Kg4 Qd4+ 41. Nf4 Nf6+ 0-1

[Event "22. Aberto Xadrez Albariño"]
[Site "Cambados ESP"]
[Date "2006.08.07"]
[Round "5.1"]
[White "Manolache, Marius"]
[Black "Iotov, Valentin"]
[Result "1/2-1/2"]
[WhiteElo "2501"]
[BlackElo "2493"]
[PlyCount "68"]
[EventDate "2006.08.03"]
[EventType "swiss"]
[EventRounds "9"]
[EventCountry "ESP"]
[Source "lmi"]
[SourceDate "2006.08.11"]

1. d4 Nf6 2. Nf3 e6 3. c4 d5 4. Nc3 Bb4 5. e3 O-O 6. a3 Bxc3+ 7. bxc3 c5 8.
cxd5 exd5 9. Bd3 Bg4 10. O-O Nc6 11. Rb1 Qd7 12. dxc5 Rac8 13. Be2 Ne4 14. Bb2
Rfd8 15. c4 dxc4 16. Qc2 Bxf3 17. gxf3 Nxc5 18. Qxc4 Nd3 19. Rfd1 Nxb2 20. Rxb2
Qe7 21. Rxd8+ Rxd8 22. f4 h6 23. Bf3 Rd6 24. Bd5 Qd7 25. Rd2 Kh8 26. Qc5 b6 27.
Qc4 Ne7 28. e4 Qg4+ 29. Kf1 Qxf4 30. Qc7 Qxd2 31. Qxd6 Qd1+ 32. Kg2 Qg4+ 33.
Kf1 Qd1+ 34. Kg2 Qg4+ 1/2-1/2

[Event "22. Aberto Xadrez Albariño"]
[Site "Cambados ESP"]
[Date "2006.08.07"]
[Round "5.4"]
[White "Dimitrov, Vladimir"]
[Black "Casares Cabanas, Carlos"]
[Result "1-0"]
[WhiteElo "2454"]
[BlackElo "2207"]
[PlyCount "78"]
[EventDate "2006.08.03"]
[EventType "swiss"]
[EventRounds "9"]
[EventCountry "ESP"]
[Source "lmi"]
[SourceDate "2006.08.11"]

1. c4 Nf6 2. g3 g6 3. Bg2 Bg7 4. Nc3 d6 5. e3 O-O 6. Nge2 c5 7. O-O Nc6 8. b3
Bf5 9. d3 Qd7 10. Bb2 Bh3 11. Qd2 Bxg2 12. Kxg2 d5 13. Nf4 dxc4 14. bxc4 e6 15.
Qe2 Rfd8 16. Rad1 Rac8 17. f3 b6 18. g4 e5 19. Nh3 Ne8 20. Nf2 f5 21. gxf5 gxf5
22. Kh1 Nc7 23. Rg1 Kh8 24. Rg2 Rg8 25. Rdg1 Bf6 26. Qf1 Qf7 27. Ne2 Rxg2 28.
Qxg2 Ne6 29. Qh3 Ne7 30. Ng3 Ng7 31. e4 f4 32. Nf5 Ngxf5 33. exf5 Rg8 34. Rd1
Bg7 35. Ng4 Nxf5 36. Nxe5 Qe6 37. Qh5 Nd6 38. Rd2 Rf8 39. Rg2 Nf5 1-0

[Event "22. Aberto Xadrez Albariño"]
[Site "Cambados ESP"]
[Date "2006.08.07"]
[Round "5.5"]
[White "Menendez Rey, Javier"]
[Black "Perez Fungueiro, Manuel"]
[Result "0-1"]
[WhiteElo "2255"]
[BlackElo "2194"]
[PlyCount "80"]
[EventDate "2006.08.03"]
[EventType "swiss"]
[EventRounds "9"]
[EventCountry "ESP"]
[Source "lmi"]
[SourceDate "2006.08.11"]

1. b3 e5 2. Bb2 d6 3. e3 Nf6 4. Nf3 g6 5. Be2 Bg7 6. O-O O-O 7. c4 c5 8. Nc3
Nc6 9. d4 e4 10. Ne1 h5 11. Nc2 Bf5 12. dxc5 dxc5 13. Nb5 Qb6 14. Qe1 Rfd8 15.
a4 a6 16. a5 Nxa5 17. Rxa5 axb5 18. Rxb5 Qc7 19. b4 b6 20. bxc5 bxc5 21. Ba3
Nd7 22. Qb1 Rdb8 23. Rd1 Rxb5 24. cxb5 Be5 25. h3 Nb6 26. Bb2 Ra4 27. Bxe5 Qxe5
28. Rd8+ Kg7 29. Qd1 Ra2 30. g4 hxg4 31. hxg4 Be6 32. Kg2 Qg5 33. Nd4 Bd7 34.
Nc6 Rxe2 35. Qxe2 Bxg4 36. Qb2+ f6 37. f4 exf3+ 38. Kh1 Qh4+ 39. Qh2 Qe1+ 40.
Qg1 f2 0-1

[Event "22. Aberto Xadrez Albariño"]
[Site "Cambados ESP"]
[Date "2006.08.07"]
[Round "5.6"]
[White "Rodriguez Fontecha, Marcos"]
[Black "Espiñeira Gonzalez, Pablo"]
[Result "1/2-1/2"]
[WhiteElo "2193"]
[BlackElo "2219"]
[PlyCount "69"]
[EventDate "2006.08.03"]
[EventType "swiss"]
[EventRounds "9"]
[EventCountry "ESP"]
[Source "lmi"]
[SourceDate "2006.08.11"]

1. d4 d5 2. Nf3 Nf6 3. Bf4 e6 4. e3 Be7 5. h3 O-O 6. Bd3 b6 7. c3 Ba6 8. Bxa6
Nxa6 9. Qd3 Qc8 10. Nbd2 c5 11. O-O Rd8 12. Rfe1 Qb7 13. Rad1 Rac8 14. Ne5 b5
15. a3 Nb8 16. b4 c4 17. Qc2 Ne4 18. Ng4 Nxd2 19. Qxd2 Nc6 20. Ra1 a5 21. Ra2
Ra8 22. f3 axb4 23. axb4 Rxa2 24. Qxa2 Ra8 25. Qd2 Ra4 26. e4 Nxb4 27. cxb4
Bxb4 28. Qf2 Bxe1 29. Qxe1 dxe4 30. Qh4 f6 31. Be5 exf3 32. Nxf6+ gxf6 33. Qxf6
Ra1+ 34. Kh2 fxg2 35. Qxe6+ 1/2-1/2

[Event "22. Aberto Xadrez Albariño"]
[Site "Cambados ESP"]
[Date "2006.08.07"]
[Round "5.8"]
[White "Nemeth, Francisc"]
[Black "Rodriguez Calvo, Manoel"]
[Result "1-0"]
[WhiteElo "2458"]
[BlackElo "2123"]
[PlyCount "49"]
[EventDate "2006.08.03"]
[EventType "swiss"]
[EventRounds "9"]
[EventCountry "ESP"]
[Source "lmi"]
[SourceDate "2006.08.11"]

1. Nf3 c5 2. c4 g6 3. d4 Bg7 4. d5 e5 5. Nc3 d6 6. g3 Ne7 7. Bg2 O-O 8. h4 Na6
9. h5 Nc7 10. hxg6 hxg6 11. Bd2 Nf5 12. Qc1 Re8 13. g4 Nd4 14. Bh6 Bf6 15. Nh2
b5 16. b3 a5 17. e3 a4 18. exd4 e4 19. O-O axb3 20. axb3 Rxa1 21. Qxa1 Bxd4 22.
Qc1 e3 23. Bxe3 Bxe3 24. fxe3 Qg5 25. Ne4 1-0

[Event "22. Aberto Xadrez Albariño"]
[Site "Cambados ESP"]
[Date "2006.08.07"]
[Round "5.10"]
[White "Milchev, Nikolay"]
[Black "Garcia Castro, Pablo"]
[Result "0-1"]
[WhiteElo "2213"]
[BlackElo "2336"]
[PlyCount "74"]
[EventDate "2006.08.03"]
[EventType "swiss"]
[EventRounds "9"]
[EventCountry "ESP"]
[Source "lmi"]
[SourceDate "2006.08.11"]

1. d4 g6 2. c4 Bg7 3. e4 d6 4. h3 c5 5. d5 e6 6. Nf3 Ne7 7. Nc3 O-O 8. Be3 exd5
9. cxd5 f5 10. e5 f4 11. Bxc5 dxc5 12. d6 Nf5 13. Qd5+ Kh8 14. O-O-O Re8 15.
Bb5 Be6 16. Qxb7 Nd7 17. Rhe1 a6 18. Bxd7 Bxd7 19. Nd5 Rb8 20. Qc7 Nd4 21. Qxd8
Rbxd8 22. Ng5 f3 23. Nf7+ Kg8 24. Nxd8 Bh6+ 25. Ne3 Rxd8 26. g4 Re8 27. Kb1
Rxe5 28. Nc4 Re2 29. Ne5 Bd2 30. Nxd7 Rxe1 31. Rxe1 Bxe1 32. Ne5 Bxf2 33. d7
Bh4 34. Nd3 Ne6 35. Kc2 f2 36. Nxf2 Bxf2 37. Kd3 Kf7 0-1

[Event "22. Aberto Xadrez Albariño"]
[Site "Cambados ESP"]
[Date "2006.08.08"]
[Round "6.1"]
[White "Nanu, Ciprian"]
[Black "Manolache, Marius"]
[Result "1/2-1/2"]
[WhiteElo "2457"]
[BlackElo "2501"]
[PlyCount "40"]
[EventDate "2006.08.03"]
[EventType "swiss"]
[EventRounds "9"]
[EventCountry "ESP"]
[Source "lmi"]
[SourceDate "2006.08.11"]

1. e4 c5 2. Nf3 e6 3. c4 a6 4. Nc3 Nc6 5. Be2 Nd4 6. O-O d6 7. d3 g6 8. Nxd4
cxd4 9. Nb1 Ne7 10. f4 Bg7 11. Nd2 O-O 12. b4 f5 13. Rb1 e5 14. fxe5 dxe5 15.
Bf3 Kh8 16. c5 Be6 17. a4 Qd7 18. Qc2 fxe4 19. Nxe4 Nd5 20. Bd2 Rac8 1/2-1/2

[Event "22. Aberto Xadrez Albariño"]
[Site "Cambados ESP"]
[Date "2006.08.08"]
[Round "6.2"]
[White "Iotov, Valentin"]
[Black "Perez Fungueiro, Manuel"]
[Result "1-0"]
[WhiteElo "2493"]
[BlackElo "2194"]
[PlyCount "71"]
[EventDate "2006.08.03"]
[EventType "swiss"]
[EventRounds "9"]
[EventCountry "ESP"]
[Source "lmi"]
[SourceDate "2006.08.11"]

1. d4 f5 2. Nf3 Nf6 3. g3 g6 4. c4 Bg7 5. b4 O-O 6. Nbd2 b6 7. Bg2 Bb7 8. Bb2
e6 9. O-O Qe7 10. Qb3 d6 11. Rfd1 Nbd7 12. a4 Ne4 13. a5 Ndf6 14. a6 Nxd2 15.
Rxd2 Be4 16. d5 Bh6 17. Rdd1 e5 18. Bc1 Bxc1 19. Raxc1 f4 20. c5 bxc5 21. bxc5
Rab8 22. Qc4 Rb2 23. cxd6 cxd6 24. Bh3 Bxf3 25. exf3 Ne8 26. Rb1 Rxb1 27. Rxb1
fxg3 28. hxg3 Rxf3 29. Be6+ Kf8 30. Rb7 Qg5 31. Qe2 Qh5 32. Rxa7 Nc7 33. g4 Qh3
34. Rxc7 Rg3+ 35. fxg3 Qxg3+ 36. Kf1 1-0

[Event "22. Aberto Xadrez Albariño"]
[Site "Cambados ESP"]
[Date "2006.08.08"]
[Round "6.3"]
[White "Starostits, Ilmars"]
[Black "Rusev, Krasimir"]
[Result "1-0"]
[WhiteElo "2445"]
[BlackElo "2455"]
[PlyCount "91"]
[EventDate "2006.08.03"]
[EventType "swiss"]
[EventRounds "9"]
[EventCountry "ESP"]
[Source "lmi"]
[SourceDate "2006.08.11"]

1. e4 c5 2. Nf3 d6 3. d4 Nf6 4. Nc3 cxd4 5. Nxd4 Nc6 6. Bc4 e6 7. Bb3 a6 8. f4
Qc7 9. Be3 Na5 10. Qf3 b5 11. f5 Nxb3 12. axb3 b4 13. Na4 e5 14. Ne2 Bb7 15.
Nb6 Rb8 16. Nd5 Qxc2 17. Nxf6+ gxf6 18. Ng3 Qxb2 19. O-O Qxb3 20. Rfb1 Qc4 21.
Rc1 Qb5 22. Ba7 Ra8 23. Bf2 Rg8 24. Qh5 b3 25. Rab1 a5 26. Rc7 Rg7 27. Qf3 a4
28. Nh5 Kd8 29. Rc3 d5 30. exd5 b2 31. Nxg7 a3 32. Ne6+ fxe6 33. fxe6 Be7 34.
Qg4 Ra6 35. Rd1 Rd6 36. Bc5 a2 37. Bxd6 Bxd6 38. e7+ Bxe7 39. d6 Bf8 40. Qg8
Qe8 41. Qxa2 Qb5 42. Qb3 Bc6 43. Qxb5 Bxb5 44. Rb3 Ba4 45. Rxb2 Kd7 46. Rb7+
1-0

[Event "22. Aberto Xadrez Albariño"]
[Site "Cambados ESP"]
[Date "2006.08.08"]
[Round "6.4"]
[White "Pena Torres, Carlos"]
[Black "Dimitrov, Vladimir"]
[Result "0-1"]
[WhiteElo "2157"]
[BlackElo "2454"]
[PlyCount "78"]
[EventDate "2006.08.03"]
[EventType "swiss"]
[EventRounds "9"]
[EventCountry "ESP"]
[Source "lmi"]
[SourceDate "2006.08.11"]

1. e4 c5 2. Nf3 e6 3. d4 cxd4 4. Nxd4 Nc6 5. Nxc6 bxc6 6. c4 Bc5 7. Bd3 e5 8.
O-O Nf6 9. Nc3 d6 10. Rb1 a5 11. a3 Rb8 12. b4 axb4 13. axb4 Rxb4 14. Rxb4 Bxb4
15. Nd5 Bc5 16. Qa4 Bd7 17. Ne3 O-O 18. Ba3 Bxe3 19. fxe3 c5 20. Qc2 Bc6 21.
Rb1 Qa8 22. Bc1 Rb8 23. h3 h5 24. Rxb8+ Qxb8 25. Kf2 Qb7 26. Kf3 g5 27. Qb1
Bxe4+ 28. Bxe4 g4+ 29. hxg4 hxg4+ 30. Ke2 Qxe4 31. Qb8+ Kg7 32. Qxd6 Qxc4+ 33.
Kd1 Qf1+ 34. Kc2 Qxg2+ 35. Bd2 Qe4+ 36. Kb2 g3 37. Bc3 Ng4 38. Qe7 g2 39. Qg5+
Qg6 0-1